1670 1827 1140 1792 1155 1839 1462 1630 1621 1749 1792 1208 1748 1383 1445 1122 1638 1534 1407 1492 1785 1741 1619 1264 1764 1503 1662 1709 1209 1600 1171 1771 1671 1588 1631 1641 1412 1662 1754 1269 1939 1072 1482 1010 1873 1347 1332 1853 1423 1081 1521 1468 1104 1963 1056 1374 1003 1595 1228 1178 1215 1144 1643 1551 1438 1119 1354 1892 1718 1316 1085 1768 1138 1575 1969 1467 1278 1731 1609 1987 1913 1005 1693 1727 1751 1184 1734 1926 1315 1238 1253 1467 1316 1452 1479 1972 1544 1659 1875 BCNSPRNW ULIB Ver.6.0+V

เปลี่ยนเป็นภาษาไทย

Change to English
 แสดงรายละเอียดบรรณานุกรม
  กลับหน้าหลัก

Brief Record : Get Marc (ISO 2709) : E-mail record : QR code < ปิดหน้าต่าง
LEADER : 00000nam 2200000uu 4500
001    13399110469
003     ULIB
008    110601s2551||||th 000 0 tha d
020    9789741149285
060 04 WO245^bว691น 2551
245 00 แนวปฏิบัติสู่การลดอุบัติการณ์ทางวิสัญญี =^bStrategies tominimize anesthetic incidents /^cวิรัตน์ วศินวงศ์, ภัณฑิลา รุจิโรจน์จินดากุล, บรรณาธิการ
246 31 Strategies to minimize anesthetic incidents
260    สงขลา :^bภาควิชาวิสัญญีวิทยา คณะแพทยศาสตร์มหาวิทยาลัยสงขลานครินทร์,^c2551
300    339 หน้า :^bภาพประกอบ ;^c21 ซม.
650  7 ยาระงับความรู้สึก
700 0  วิรัตน์ วศินวงศ์,^eบรรณาธิการ
700 0  ภัณฑิลา รุจิโรจน์จินดากุล,^eบรรณาธิการ
710 2  มหาวิทยาลัยสงขลานครินทร์. ^bคณะแพทยศาสตร์.^bภาควิชาวิสัญญีวิทยา
945    ^p400^l0^i024446
945    ^p400^l0^i024444
945    ^p400^l0^i024443
945    ^p400^l0^i024445
995    ทศพร
999 ^a ใช้งานได้ทุกระบบ
รายการนี้ยังไม่มีแท็ก
คุณยังไม่ได้ล็อกอิน คุณสามารถมีกิจกรรมร่วมกับเว็บไซต์ได้ แต่ต้องล็อกอินก่อน ::
  ล็อกอิน

รายการสื่อสารสนเทศ

ลำดับที่ ประเภท เลขเรียก/บาร์โค้ด สถานที่ สถานะ
- ไม่พบข้อมูล -

รายการใกล้เคียง
    หัวเรื่อง [ยาระงับความรู้สึก]

BibComment


ยังไม่เคยถูกคอมเมนท์

คอมเมนท์ทรัพยากรรายการนี้
  คอมเมนท์: แนวปฏิบัติสู่การล..


 Copyright 2026. Bcnsprnw @Library